000 00583cam a22002053a 4500
001 41052
003 PGUSA
005 20140828083925.0
008 121014s2012||||xxu|||||s|||||000 | eng d
040 _aPGUSA
_beng
042 _adc
100 1 _aBrown, Katharine Holland
245 1 4 _aThe Hallowell Partnership
_h[electronic resource] /
_cKatharine Holland Brown
260 _bProject Gutenberg,
_c2012
506 _aPublic domain in the USA.
516 _aElectronic text
830 0 _aProject Gutenberg
_v41052
856 4 0 _uhttp://www.gutenberg.org/ebooks/41052
942 _cEB
999 _c270304
_d270304